• AIU
  • Tony Wilmot Memorial Library

Dipoompondi Takaldau. (Record no. 40826)

MARC details
000 -LEADER
fixed length control field 00602nam a22001811a 4500
005 - DATE AND TIME OF LATEST TRANSACTION
control field 20110718133350.0
008 - FIXED-LENGTH DATA ELEMENTS--GENERAL INFORMATION
fixed length control field 091005s1990 cou 001 0 eng d
020 ## - INTERNATIONAL STANDARD BOOK NUMBER
Terms of availability 0.00
040 ## - CATALOGING SOURCE
Original cataloging agency NEGST Library - Kenya
050 #4 - LIBRARY OF CONGRESS CALL NUMBER
Classification number BS 325.T63 1990
082 0# - DEWEY DECIMAL CLASSIFICATION NUMBER
Classification number BS 325.T63 1990
100 1# - MAIN ENTRY--PERSONAL NAME
Personal name International Bible Society.
245 10 - TITLE STATEMENT
Title Dipoompondi Takaldau.
260 ## - PUBLICATION, DISTRIBUTION, ETC. (IMPRINT)
Place of publication, distribution, etc Colorado Springs, Colorado :
Name of publisher, distributor, etc International Bible Soci,
Date of publication, distribution, etc 1990.
300 ## - PHYSICAL DESCRIPTION
Extent 506 p. : ill., m.
500 ## - GENERAL NOTE
General note "Nouveau Testament en n'tcham (bassar)." - T.p. verso. [Africana]
852 ## - LOCATION/CALL NUMBER
-- 4.00
Holdings
Withdrawn status Lost status Source of classification or shelving scheme Damaged status Not for loan Collection code Home library Current library Shelving location Date acquired Cost, normal purchase price Total Checkouts Full call number Barcode Date last seen Price effective from Koha item type
    Library of Congress Classification     Reference AIU/NEGST - Tony Wilmot Memorial Library AIU/NEGST - Tony Wilmot Memorial Library Reference 10/05/2009 4.00   REF BS 325.T63 1990 R49039M3232 09/26/2019 10/05/2009 Reference